Reichste Bevölkerungen - Postsowjetischer Raum - Statistiken

Allgemein
  • Dieses Quiz wurde 180 mal gespielt
  • Das Durchschnittsergebnis liegt bei 14 aus 15
Antwortstatistiken
Hint Antwort % Korrekt
44.512 Russland
100%
18.270 Ukraine
100%
47.128 Estland
98%
41.938 Lettland
98%
51.129 Litauen
98%
23.660 Aserbaidschan
95%
24.849 Georgien
95%
7.279 Kirgisistan
95%
21.532 Armenien
93%
30.115 Belarus
93%
39.463 Kasachstan
93%
5.148 Tadschikistan
93%
25.978 Turkmenistan
93%
10.992 Usbekistan
93%
17.320 Moldawien
91%
Keine übereinstimmenden Quizze gefunden
Verteilung der Resultate
Anzahl Personen mit jedem Resultat
Perzentil nach korrekt beantworteten Fragen
Ihre Resultats-Entwicklung
Sie haben dieses Quiz noch nicht gespielt